00980nam a2200265 a 4500001000400000003001000004005001700014008004100031020001500072040002500087080002100112100003400133245009700167250003300264260003400297300001800331504002500349505014500374650002600519650005200545650003800597650003500635700002300670700002100693590BR-CuiBMT20231127040802.0231109s2012 bab 000 0 por d a857761509x aBR-CuiBMTcBR-CuiBMT 22007a347.91/.951 aDidier Junior, Fredie,d1974-10aCurso de direito processual civil /cFredie Didier Jr., Paula Sarno Braga, Rafaela Oliveira. a7. ed., rev., ampl. e atual. aSalvador :bJusPODIVM,c2012. a6 v. ;c24 cm aInclui bibliografia.1 av. 2. Teoria da prova, direito probatório, teoria do precedente, decisão judicial, coisa julgada e antecipação dos efeitos da tutela aDireito civilzBrasil aProcesso civilxTeoria da provazProcesso civil aProcesso civilxProva testemunhal aProcesso civilxProva pericial1 aBraga, Paula Sarno1 aOliveira, Rafael